000 00545nam a2200181 4500
999 _c170786
_d170786
005 20191224171907.0
010 _aENG-127244
020 _a9788173719479
_c365.00
035 _aEN-110776
037 _bDBAD/PUB
082 _a621.381
100 _aBasavaraj, B
245 _aBasic electronics /
_cby B Basavraj [and] H N Shivashankar
260 _aHyderabad
_bUniversities Press
_c2015
270 _a3-6-747/1/A & 3-6-754/1, Himayatnagar
_bHyderabad
_e500013
300 _a411p.
_c23cm(Hb)
942 _2ddc
_cEN
_h621.381
_mBAS